Statistics for Eurovision City Hosts

Click here to take the quiz!

General Stats

  • This quiz has been taken 66 times
  • The average score is 51 of 63

Answer Stats

YearCity% Correct
2014Copenhagen
97%
2001Copenhagen
97%
1964Copenhagen
97%
1994Dublin
95%
1997Dublin
95%
1971Dublin
95%
1988Dublin
95%
1995Dublin
95%
1981Dublin
95%
2018Lisbon
95%
1978Paris
95%
1967Vienna
95%
2015Vienna
95%
2017Kyiv
93%
2005Kyiv
93%
1963London
93%
1960London
93%
1977London
93%
1968London
93%
2010Oslo
93%
1996Oslo
93%
2016Stockholm
93%
2000Stockholm
93%
1975Stockholm
93%
2006Athens
90%
2007Helsinki
90%
2004Istanbul
90%
2009Moscow
90%
2002Tallinn
90%
1970Amsterdam
88%
1991Rome
88%
1969Madrid
86%
2008Belgrade
84%
1992Malmö
84%
2013Malmö
84%
2003Riga
84%
1987Brussels
83%
1979Jerusalem
83%
1999Jerusalem
83%
1962Luxembourg
83%
1984Luxembourg
83%
2012Baku
79%
1966Luxembourg
79%
1973Luxembourg
79%
1983Munich
78%
1998Birmingham
76%
1990Zagreb
76%
2011Düsseldorf
72%
1965Naples
67%
1972Edinburgh
66%
1976The Hague
66%
1980The Hague
66%
1957Frankfurt
62%
1986Bergen
57%
1974Brighton
53%
1961Cannes
53%
1959Cannes
53%
1985Gothenburg
52%
1989Lausanne
48%
1956Lugano
47%
1993Millstreet
45%
1958Hilversum
38%
1982Harrogate
36%

Score Distribution

Percentile by Number Answered

Percent of People with Each Score

Your Score History

You have not taken this quiz